Kendrick Lamar Rapper Quiz - Statistics

General Stats
  • This quiz has been taken 39 times
  • The average score is 11 of 15
Answer Stats
Hint Answer % Correct
Kendrick's real last name Duckworth
96%
Year Kendrick was born 1987
92%
Rapper he beefed with in 2024 Drake
92%
Female artist he frequently collaborates with SZA
88%
City he's from Compton
83%
Kendrick's first album Section.80
83%
Most popular song HUMBLE.
79%
Amount of Grammys won 27
75%
Rapper he is heavily influenced by 2Pac
75%
What album is the previously mentioned song from? DAMN.
75%
Rapper cousin in said label Baby Keem
71%
Kendrick's current label pgLang
67%
Kendrick's old label Top Dawg Entertainment
58%
His old hip-hop collective Black Hippy
50%
Kendrick's first mixtape Hub City Threat: Minor of the Year
8%
No matching quizzes found
Score Distribution
Percent of People with Each Score
Percentile by Number Answered
Your Score History
You have not taken this quiz